Моделирование электроионитных процессов регенерации отработанных технологических растворов; Изотопы: технологии, материалы и применение

Библиографические подробности
Источник:Изотопы: технологии, материалы и применение.— 2017.— [С. 79]
Главный автор: Дорофеева Л. И. Людмила Ивановна
Автор-организация: Национальный исследовательский Томский политехнический университет
Другие авторы: Орехов Д. В.
Язык:русский
Опубликовано: 2017
Серии:Селекция и глубокая очистка трудно разделяемых веществ физико-химическими методами
Предметы:
Online-ссылка:http://earchive.tpu.ru/handle/11683/44137
Формат: MixedMaterials Электронный ресурс Статья
Запись в KOHA:https://koha.lib.tpu.ru/cgi-bin/koha/opac-detail.pl?biblionumber=624400

MARC

LEADER 00000naa2a2200000 4500
001 624400
005 20250512113559.0
035 |a (RuTPU)RU\TPU\conf\23660 
035 |a RU\TPU\conf\23654 
090 |a 624400 
100 |a 20171121d2017 k y0rusy50 ca 
101 0 |a rus 
102 |a RU 
105 |a y z 101zy 
135 |a drgn ---uucaa 
181 0 |a i  
182 0 |a b 
200 1 |a Моделирование электроионитных процессов регенерации отработанных технологических растворов  |f Л. И. Дорофеева, Д. В. Орехов 
203 |a Текст  |c электронный 
225 1 |a Селекция и глубокая очистка трудно разделяемых веществ физико-химическими методами 
320 |a [Библиогр.: с. 79 (3 назв.)] 
463 0 |0 (RuTPU)RU\TPU\conf\23567  |t Изотопы: технологии, материалы и применение  |o материалы IV Международной научной конференции молодых ученых, аспирантов и студентов, г. Томск, 30 октября - 3 ноября 2017 г.  |f Национальный исследовательский Томский политехнический университет (ТПУ)  |v [С. 79]  |d 2017 
610 1 |a электронный ресурс 
610 1 |a моделирование 
610 1 |a электроионитные процессы 
610 1 |a регенерация 
610 1 |a технологические растворы 
610 1 |a электромиграция 
610 1 |a электродиализ 
610 1 |a катиониты 
610 1 |a массоперенос 
610 1 |a ионообменники 
610 1 |a очистка 
610 1 |a труды учёных ТПУ 
700 1 |a Дорофеева  |b Л. И.  |c физик  |c доцент Томского политехнического университета, кандидат физико-математических наук  |f 1969-  |g Людмила Ивановна  |3 (RuTPU)RU\TPU\pers\26857  |9 12475 
701 1 |a Орехов  |b Д. В. 
712 0 2 |a Национальный исследовательский Томский политехнический университет  |c (2009- )  |9 26305 
801 2 |a RU  |b 63413507  |c 20171123  |g RCR 
850 |a 63413507 
856 4 |u http://earchive.tpu.ru/handle/11683/44137 
942 |c BK